载入...
Emerging growth challenges to indian agriculture
| 主要作者: | |
|---|---|
| 格式: | Printed Book |
| 语言: | Undetermined |
| 出版: |
Jaipur
Rawat publications
1990
|
| LEADER | 00547nam a2200145Ia 4500 | ||
|---|---|---|---|
| 008 | 161229s9999 xx 000 0 und d | ||
| 020 | |a 8170330947 | ||
| 082 | |a 630 CHO/EM | ||
| 100 | |a Chopra, Kusum | ||
| 245 | |a Emerging growth challenges to indian agriculture | ||
| 260 | |b Rawat publications |a Jaipur |c 1990 | ||
| 300 | |a xvi, 416 | ||
| 942 | |c BK | ||
| 999 | |c 152325 |d 152325 | ||
| 952 | |0 0 |1 0 |4 0 |6 630_000000000000000_CHOEM |7 0 |9 151387 |a KAUCLV |b KAUCLV |d 2016-12-29 |g 325.00 |o 630 CHO/EM |p 903634 |r 2016-12-29 |w 2016-12-29 |y BK |z Book transferred from CCBM Library ,Acc.No:850 | ||